000 00454nam a22001577a 4500
005 20251108165844.0
008 250721s1983 xx 000 0 ara d
082 1 4 _aط/637.2/حلي
245 1 0 _aالحليب /
264 1 _aبيروت :
_bمكتب مكدونلد الشرق الأوسط،
_c1983.
300 _a24ص؛مص
490 0 _aالعالم بين يديك ؛منوعات؛18
650 1 7 _aالحليب
942 _2ddc
_cBK
999 _c33074
_d33074